000 00392nam a2200169Ia 4500
005 20230508151006.0
008 131103s9999 xx 000 0 und d
040 _aLoreto College
041 _aEnglish
082 _a823.91
_bHAR
100 _aHardy, T
245 4 _aThe mayor of casterbridge
_cT Hardy
300 _a284p.
650 _aEnglish fiction
850 _aLCLIB
942 _cBK
999 _c22464
_d72943